The history of the county palatine and city of Chester (Record no. 114072)

MARC details
000 -LEADER
fixed length control field 00955cam a22001935a 4500
001 - CONTROL NUMBER
control field L156168
008 - FIXED-LENGTH DATA ELEMENTS--GENERAL INFORMATION
fixed length control field 120502s1819 xxk f 000 0 eng d
035 ## - SYSTEM CONTROL NUMBER
System control number (Sirsi) u156168
041 0# - LANGUAGE CODE
Language code of text/sound track or separate title eng
100 1# - MAIN ENTRY--PERSONAL NAME
Personal name Ormerod, George
245 04 - TITLE STATEMENT
Title The history of the county palatine and city of Chester
Remainder of title compiled from original evidences in public offices, the Harleian and Cottonian mss., parochial registers, private muniments, unpublished ms. collections of successive Cheshire antiquaries, and a personal survey of every township in the county; incorporated with a republication of King's Vale royal, and Leycester's Cheshire antiquities
260 ## - PUBLICATION, DISTRIBUTION, ETC.
Place of publication, distribution, etc. London
Name of publisher, distributor, etc. Printed for Lackington, Hughes, Harding, Mavor, and Jones
Date of publication, distribution, etc. 1819
300 ## - PHYSICAL DESCRIPTION
Extent 3 v.
Dimensions 38 cm.
520 ## - SUMMARY, ETC.
Summary, etc. Only 415 copies printed, including 65 on large paper.
583 0# - ACTION NOTE
Action Condition reviewed
Time/date of action 20120620
Status condition level 2 (x3)
651 #4 - SUBJECT ADDED ENTRY--GEOGRAPHIC NAME
Geographic name England
Chronological subdivision 886-
690 ## - LOCAL SUBJECT ADDED ENTRY--TOPICAL TERM (OCLC, RLIN)
Topical term or geographic name as entry element Rural
9 (RLIN) 6268
942 ## - ADDED ENTRY ELEMENTS (KOHA)
Suppress in OPAC 0
Holdings
Withdrawn status Lost status Source of classification or shelving scheme Damaged status Not for loan Home library Current library Shelving location Date acquired Total Checkouts Full call number Barcode Date last seen Copy number Price effective from Koha item type
    Dewey Decimal Classification     Historic collection Historic collection Historic collection 02/05/2012   FOLIO 1819 ORMEROD VOL. 1 30075935 06/08/2019 1 06/08/2019 Book
    Dewey Decimal Classification     Historic collection Historic collection Historic collection 02/05/2012   FOLIO 1819 ORMEROD VOL. 2 30075939 06/08/2019 1 06/08/2019 Book
    Dewey Decimal Classification     Historic collection Historic collection Historic collection 02/05/2012   FOLIO 1819 ORMEROD VOL. 3 30075943 06/08/2019 1 06/08/2019 Book